[Event "Argentina ch 2005 final"]
[Site "Buenos Aires"]
[Date "2005.09.12"]
[Round "5.5"]
[White "Lafuente, Pablo"]
[Black "Ricardi, Pablo"]
[Result "0-1"]
[WhiteElo "2435"]
[BlackElo "2551"]
[PlyCount "214"]
[EventDate "2005.09.08"]
[EventType "tourn"]
[EventRounds "9"]
[EventCountry "ARG"]
[EventCategory "7"]
[Source "lmi"]
[SourceDate "2005.09.18"]

1. d4 Nf6 2. c4 g6 3. Nf3 Bg7 4. g3 O-O 5. Bg2 d6 6. O-O c5 7. d5 e6 8. Nc3
exd5 9. cxd5 Nbd7 10. Bf4 Ne8 11. Qc2 h6 12. e4 b6 13. Rfe1 a6 14. a4 Rb8 15.
h4 Ne5 16. Qd2 Kh7 17. Rad1 Bd7 18. Bxe5 dxe5 19. d6 b5 20. axb5 axb5 21. Qe3
Qb6 22. h5 c4 23. Qe2 g5 24. Nh2 Nf6 25. Bf3 b4 26. Nd5 Nxd5 27. Rxd5 Be6 28.
Qxc4 Bxd5 29. Qxd5 Rbc8 30. Re2 Rc5 31. Qd3 Rd8 32. Rd2 Bf8 33. d7 Rc6 34. Qb3
Kg7 35. Ng4 Rc1+ 36. Kg2 Rc5 37. Ne3 Qc6 38. Qd3 Kg8 39. Bg4 Rc1 40. Bf5 Qb6
41. Qb3 Kg7 42. Qd3 Qa5 43. Ng4 Qc5 44. Qa6 Qc6 45. Qxc6 Rxc6 46. Nxe5 Rc7 47.
Ng4 Be7 48. Ne3 Rc1 49. Nd5 Bc5 50. Kf3 b3 51. Rd3 Rc2 52. Rxb3 Rxf2+ 53. Kg4
Bd4 54. Rb4 Be5 55. b3 Rd2 56. Kf3 Rd3+ 57. Ke2 Rxg3 58. Rb5 Bf4 59. b4 Rg2+
60. Kf3 Rg3+ 61. Kf2 Rb3 62. Ke2 Bd6 63. Kd2 Rg3 64. Kc2 g4 65. Rb6 Be5 66. Ra6
Rg1 67. Kd3 g3 68. Ra2 g2 69. Rd2 Ra8 70. d8=Q Rxd8 71. Bh3 Bc3 72. Rxg2+ Rxg2
73. Bxg2 Bxb4 74. Bh3 Bd6 75. Ke2 Ra8 76. Bf5 Ra3 77. Bg4 Be5 78. Kf2 Kf8 79.
Ke2 Rg3 80. Bf3 Ke8 81. Ne3 Rh3 82. Ng4 Bf4 83. Nf6+ Kf8 84. Kf2 Rh2+ 85. Kf1
Bg5 86. Nd7+ Ke7 87. Ne5 Ra2 88. Ng4 Kd6 89. Be2 Rc2 90. Bf3 Kc5 91. Ke1 Kd4
92. Kf1 Rb2 93. Ke1 Be3 94. Kf1 Bf4 95. Ke1 Ra2 96. Kf1 Kd3 97. Kg1 Ra5 98. Kg2
Kd4 99. Nf6 Ra2+ 100. Kh3 Ke3 101. Kg4 Bg5 102. Nd5+ Kd4 103. Nb4 Rb2 104. Nc6+
Ke3 105. Ne5 Rb1 106. Nc4+ Kf2 107. Ne5 f6 0-1

[Event "Argentina ch 2005 final"]
[Site "Buenos Aires"]
[Date "2005.09.13"]
[Round "6.1"]
[White "Pierrot, Juan Facundo"]
[Black "Ricardi, Pablo"]
[Result "1/2-1/2"]
[WhiteElo "2449"]
[BlackElo "2551"]
[PlyCount "26"]
[EventDate "2005.09.08"]
[EventType "tourn"]
[EventRounds "9"]
[EventCountry "ARG"]
[EventCategory "7"]
[Source "lmi"]
[SourceDate "2005.09.18"]

1. e4 c5 2. Nf3 d6 3. d4 cxd4 4. Nxd4 Nf6 5. Nc3 a6 6. Be2 e5 7. Nb3 h6 8. O-O
Be7 9. f4 Nbd7 10. Qe1 b5 11. Qg3 Bb7 12. a3 Rc8 13. Bf3 Qb6+ 1/2-1/2

[Event "Argentina ch 2005 final"]
[Site "Buenos Aires"]
[Date "2005.09.13"]
[Round "6.2"]
[White "Valerga, Diego"]
[Black "Lafuente, Pablo"]
[Result "1/2-1/2"]
[WhiteElo "2499"]
[BlackElo "2435"]
[PlyCount "54"]
[EventDate "2005.09.08"]
[EventType "tourn"]
[EventRounds "9"]
[EventCountry "ARG"]
[EventCategory "7"]
[Source "lmi"]
[SourceDate "2005.09.18"]

1. e4 c5 2. Nf3 d6 3. d4 cxd4 4. Nxd4 Nf6 5. Nc3 a6 6. Be2 e5 7. Nb3 Be7 8. O-O
O-O 9. Kh1 b6 10. Bg5 Nbd7 11. Nd5 Nxd5 12. Qxd5 Rb8 13. Bxe7 Qxe7 14. Rad1 Nf6
15. Qxd6 Qxd6 16. Rxd6 Nxe4 17. Rc6 a5 18. f3 Bd7 19. Rc7 Nf6 20. Rd1 Rfd8 21.
Kg1 Kf8 22. Kf2 Rbc8 23. Rxc8 Rxc8 24. c4 Be6 25. Nd2 Ke7 26. b3 Nd7 27. Ne4
Nc5 1/2-1/2

[Event "Argentina ch 2005 final"]
[Site "Buenos Aires"]
[Date "2005.09.13"]
[Round "6.3"]
[White "Needleman, Gaston"]
[Black "Alonso, Salvador"]
[Result "1-0"]
[WhiteElo "2242"]
[BlackElo "2456"]
[PlyCount "57"]
[EventDate "2005.09.08"]
[EventType "tourn"]
[EventRounds "9"]
[EventCountry "ARG"]
[EventCategory "7"]
[Source "lmi"]
[SourceDate "2005.09.18"]

1. e4 c5 2. Nf3 Nc6 3. d4 cxd4 4. Nxd4 g6 5. Nc3 Bg7 6. Be3 Nf6 7. f3 O-O 8. g4
Qb6 9. Rb1 Nxe4 10. fxe4 Bxd4 11. Nd5 Qc5 12. b4 Bc3+ 13. Ke2 Qc4+ 14. Kf3 Ne5+
15. Kg3 Qxe4 16. Bg2 Qc4 17. Rb3 Ba1 18. h3 d6 19. Qxa1 Be6 20. Rc3 Qb5 21. a4
Qd7 22. Rc7 Qd8 23. Nxe7+ Kh8 24. Rxb7 Bd7 25. Nc6 Bxc6 26. Bxc6 f5 27. Bf4 Qf6
28. g5 Qe6 29. Re1 1-0

[Event "Argentina ch 2005 final"]
[Site "Buenos Aires"]
[Date "2005.09.13"]
[Round "6.4"]
[White "Soppe, Guillermo"]
[Black "Flores, Diego"]
[Result "0-1"]
[WhiteElo "2432"]
[BlackElo "2513"]
[PlyCount "70"]
[EventDate "2005.09.08"]
[EventType "tourn"]
[EventRounds "9"]
[EventCountry "ARG"]
[EventCategory "7"]
[Source "lmi"]
[SourceDate "2005.09.18"]

1. d4 Nf6 2. c4 g6 3. Nc3 Bg7 4. e4 O-O 5. Be2 d6 6. Bg5 a6 7. Qd2 c5 8. dxc5
dxc5 9. Qxd8 Rxd8 10. e5 Nfd7 11. e6 Nf6 12. exf7+ Kxf7 13. Nf3 Nc6 14. O-O Bf5
15. Rad1 Nd4 16. Nxd4 cxd4 17. Bxf6 Bxf6 18. Nd5 b5 19. Nxf6 Kxf6 20. f4 d3 21.
Bf3 Rac8 22. cxb5 axb5 23. Rd2 Rc2 24. Rfd1 e5 25. fxe5+ Kxe5 26. Kf2 Rxd2+ 27.
Rxd2 Kd4 28. Bd1 Be4 29. a4 Rf8+ 30. Ke1 bxa4 31. Rf2 Rd8 32. Rf7 Ke3 33. Rxh7
Bxg2 34. Re7+ Be4 35. Rh7 Rf8 0-1

[Event "Argentina ch 2005 final"]
[Site "Buenos Aires"]
[Date "2005.09.13"]
[Round "6.5"]
[White "Perdomo, Leandro"]
[Black "Duarte, Leonardo"]
[Result "1-0"]
[WhiteElo "2345"]
[BlackElo "2317"]
[PlyCount "65"]
[EventDate "2005.09.08"]
[EventType "tourn"]
[EventRounds "9"]
[EventCountry "ARG"]
[EventCategory "7"]
[Source "lmi"]
[SourceDate "2005.09.18"]

1. d4 Nf6 2. c4 c5 3. d5 g6 4. Nc3 Bg7 5. e4 d6 6. f3 O-O 7. Bg5 Na6 8. Qd2 Re8
9. Bd3 Nc7 10. Nge2 Nd7 11. f4 b5 12. cxb5 a6 13. b6 Nxb6 14. O-O a5 15. f5 Nd7
16. Rf3 Ne5 17. Rh3 Rb8 18. Rf1 Bd7 19. Bh6 Bf6 20. b3 Nb5 21. Bxb5 Bxb5 22.
Nxb5 Rxb5 23. Bf4 Nd7 24. Bg5 Rb4 25. Bxf6 exf6 26. Ng3 Nf8 27. Qh6 Qe7 28. Nh5
gxh5 29. Rg3+ Ng6 30. fxg6 fxg6 31. Rxg6+ hxg6 32. Qxg6+ Kh8 33. Rf5 1-0

[Event "Argentina ch 2005 final"]
[Site "Buenos Aires"]
[Date "2005.09.14"]
[Round "7.1"]
[White "Duarte, Leonardo"]
[Black "Pierrot, Juan Facundo"]
[Result "0-1"]
[WhiteElo "2317"]
[BlackElo "2449"]
[PlyCount "86"]
[EventDate "2005.09.08"]
[EventType "tourn"]
[EventRounds "9"]
[EventCountry "ARG"]
[EventCategory "7"]
[Source "lmi"]
[SourceDate "2005.09.18"]

1. e4 e5 2. Nf3 d6 3. d4 Nd7 4. Bc4 c6 5. O-O Be7 6. Nc3 Ngf6 7. a4 O-O 8. a5
Rb8 9. Qe2 Qc7 10. Rd1 exd4 11. Rxd4 Ne5 12. Nxe5 dxe5 13. Rd1 b6 14. axb6 axb6
15. h3 b5 16. Bb3 Bb7 17. Bg5 h6 18. Bxf6 Bxf6 19. Qg4 Rfd8 20. Rxd8+ Rxd8 21.
Rd1 Rd4 22. Rd3 Rxd3 23. cxd3 Kf8 24. Qe2 Qd6 25. Qc2 Bd8 26. Nd1 g6 27. Qd2
Kg7 28. Kf1 Bc8 29. Qc2 Bd7 30. Ne3 Bb6 31. Qd2 h5 32. Bd1 Qf6 33. Qe2 Bd4 34.
b3 Be6 35. Qd2 Qe7 36. Qc2 Qd6 37. Bf3 Kf8 38. Bd1 Ke7 39. Ke2 Qc5 40. Qxc5+
Bxc5 41. g4 hxg4 42. hxg4 Kd6 43. f3 Bxe3 0-1

[Event "Argentina ch 2005 final"]
[Site "Buenos Aires"]
[Date "2005.09.14"]
[Round "7.2"]
[White "Flores, Diego"]
[Black "Perdomo, Leandro"]
[Result "1/2-1/2"]
[WhiteElo "2513"]
[BlackElo "2345"]
[PlyCount "100"]
[EventDate "2005.09.08"]
[EventType "tourn"]
[EventRounds "9"]
[EventCountry "ARG"]
[EventCategory "7"]
[Source "lmi"]
[SourceDate "2005.09.18"]

1. e4 e5 2. Nf3 Nc6 3. Bb5 a6 4. Ba4 Nf6 5. O-O Be7 6. Re1 b5 7. Bb3 O-O 8. d4
d6 9. c3 Bg4 10. d5 Na5 11. Bc2 c6 12. h3 Bxf3 13. Qxf3 cxd5 14. exd5 Nc4 15.
Nd2 Nb6 16. Nf1 Ne8 17. Ng3 g6 18. a4 f5 19. Bh6 Rf7 20. axb5 axb5 21. Nxf5 Bf8
22. Rxa8 Qxa8 23. Qg3 Rxf5 24. Be3 Rf7 25. Bxb6 Qxd5 26. Qd3 Qxd3 27. Bxd3 Rb7
28. Be3 Nc7 29. Ra1 d5 30. Ra7 Rxa7 31. Bxa7 b4 32. Bb8 e4 33. Be2 bxc3 34.
bxc3 Ne8 35. Bb5 Nf6 36. Bc6 Kf7 37. Be5 Ke6 38. Bxf6 Kxf6 39. Bxd5 Ke5 40. Bg8
h6 41. Kf1 Bc5 42. Ke2 Bb6 43. Bf7 g5 44. Bh5 Ba5 45. Kd2 Bb6 46. f3 e3+ 47.
Ke2 Kf4 48. Bf7 Kg3 49. Kf1 Bc5 50. Bd5 Bb6 1/2-1/2

[Event "Argentina ch 2005 final"]
[Site "Buenos Aires"]
[Date "2005.09.14"]
[Round "7.3"]
[White "Alonso, Salvador"]
[Black "Soppe, Guillermo"]
[Result "1-0"]
[WhiteElo "2456"]
[BlackElo "2432"]
[PlyCount "111"]
[EventDate "2005.09.08"]
[EventType "tourn"]
[EventRounds "9"]
[EventCountry "ARG"]
[EventCategory "7"]
[Source "lmi"]
[SourceDate "2005.09.18"]

1. e4 Nf6 2. e5 Nd5 3. d4 d6 4. Nf3 dxe5 5. Nxe5 c6 6. c3 g6 7. Bc4 Bg7 8. O-O
O-O 9. Re1 Be6 10. Nd2 Nd7 11. Nef3 N7b6 12. Bd3 Nf4 13. Bf1 Bd5 14. c4 Be6 15.
Ne4 Nh5 16. Qb3 Qc7 17. Nc5 Bc8 18. a4 Nd7 19. Nd3 Ndf6 20. h3 Bh8 21. a5 Ne8
22. Nde5 a6 23. g4 Nhf6 24. Bf4 Qd8 25. Qb4 Nd6 26. Rad1 h5 27. g5 Nfe8 28. d5
cxd5 29. Rxd5 Be6 30. Rdd1 Qc8 31. c5 Bxh3 32. cxd6 exd6 33. Rc1 Qe6 34. Nd4
Qd5 35. Nef3 Bxf1 36. Rxf1 Ng7 37. Bh2 Nf5 38. Nxf5 Qxf5 39. Kg2 d5 40. Rc5
Rad8 41. Rd1 Rfe8 42. Bg3 Rd7 43. Qb3 Red8 44. Rdc1 Bg7 45. Rc7 d4 46. Qxb7 d3
47. Rxd7 Rxd7 48. Qxa6 Bxb2 49. Rd1 Kg7 50. Qc6 Qd5 51. Qxd5 Rxd5 52. a6 Ra5
53. Rxd3 Rxa6 54. Rd7 Kg8 55. Ne5 Bxe5 56. Rd8+ 1-0

[Event "Argentina ch 2005 final"]
[Site "Buenos Aires"]
[Date "2005.09.14"]
[Round "7.4"]
[White "Lafuente, Pablo"]
[Black "Needleman, Gaston"]
[Result "1/2-1/2"]
[WhiteElo "2435"]
[BlackElo "2242"]
[PlyCount "166"]
[EventDate "2005.09.08"]
[EventType "tourn"]
[EventRounds "9"]
[EventCountry "ARG"]
[EventCategory "7"]
[Source "lmi"]
[SourceDate "2005.09.18"]

1. d4 Nf6 2. Nf3 g6 3. g3 Bg7 4. Bg2 O-O 5. O-O d6 6. c4 c6 7. Nc3 Qa5 8. e4 e5
9. d5 cxd5 10. cxd5 b5 11. Re1 b4 12. Nb1 Nbd7 13. Nbd2 Nc5 14. Nb3 Nxb3 15.
Qxb3 Nd7 16. Bd2 Nc5 17. Qxb4 Qd8 18. Qa3 f5 19. Ng5 Qf6 20. b4 Nxe4 21. Nxe4
fxe4 22. Be3 Bf5 23. b5 h5 24. h4 Kh7 25. Rec1 Qf7 26. Qxd6 Rad8 27. Qa6 Rxd5
28. Qxa7 Qxa7 29. Bxa7 Rxb5 30. Be3 Ra8 31. Rc5 Rb4 32. Rc7 Kg8 33. Rc6 Kf7 34.
Bf1 Be6 35. a3 Bf8 36. Rc7+ Kg8 37. axb4 Rxa1 38. b5 Bd6 39. Rc1 Rxc1 40. Bxc1
Bc5 41. Be3 Bxe3 42. fxe3 Kg7 43. b6 Bc8 44. Bb5 Bb7 45. Be8 Kf6 46. Kf1 Kf5
47. Kf2 Kf6 48. g4 hxg4 49. Kg3 Bd5 50. Kxg4 Be6+ 51. Kg3 Bd5 52. Bb5 Bb7 53.
Bc4 Ke7 54. Kg4 Kf6 55. Bb5 Bc8+ 56. Kg3 Bb7 57. Bd7 Ke7 58. Bg4 Kf6 59. Kf2
Ke7 60. Ke1 Kd6 61. Kd2 Bd5 62. Bc8 Kc6 63. b7 Kc7 64. Bd7 Bxb7 65. Be8 Kd6 66.
Bxg6 Ke6 67. h5 Kf6 68. Kc3 Bd5 69. Kb4 Kg5 70. Kc5 Be6 71. Kd6 Bg4 72. Kxe5
Bf3 73. Ke6 Bg4+ 74. Kf7 Kh6 75. Kf6 Bf3 76. Kf5 Bg2 77. Kg4 Bh1 78. Kf4 Bf3
79. Be8 Bh1 80. Bf7 Bg2 81. Kg3 Bf3 82. Kh4 Be2 83. Bg6 Bf3 1/2-1/2

[Event "Argentina ch 2005 final"]
[Site "Buenos Aires"]
[Date "2005.09.14"]
[Round "7.5"]
[White "Ricardi, Pablo"]
[Black "Valerga, Diego"]
[Result "1/2-1/2"]
[WhiteElo "2551"]
[BlackElo "2499"]
[PlyCount "72"]
[EventDate "2005.09.08"]
[EventType "tourn"]
[EventRounds "9"]
[EventCountry "ARG"]
[EventCategory "7"]
[Source "lmi"]
[SourceDate "2005.09.18"]

1. e4 c5 2. Nf3 e6 3. c3 d5 4. exd5 exd5 5. d4 Nc6 6. g3 Nf6 7. Bg2 Be7 8. O-O
O-O 9. Be3 cxd4 10. Nxd4 Bg4 11. Qa4 Qd7 12. Nd2 Nxd4 13. Qxd4 Bh3 14. Rfe1
Bxg2 15. Kxg2 Rfe8 16. Nf3 b6 17. Qd3 Bc5 18. Bd4 Bxd4 19. Nxd4 Re4 20. f3 Ree8
21. Qb5 Qb7 22. a4 Qc7 23. Qc6 Qxc6 24. Nxc6 a5 25. Kf2 Kf8 26. Rxe8+ Kxe8 27.
Re1+ Kf8 28. Ke3 Nd7 29. Kd4 Nc5 30. b4 Nxa4 31. bxa5 bxa5 32. Ra1 Nxc3 33.
Rxa5 Rc8 34. Rc5 Na4 35. Rc1 Nb6 36. Kc5 Nc4 1/2-1/2

[Event "Argentina ch 2005 final"]
[Site "Buenos Aires"]
[Date "2005.09.15"]
[Round "8.1"]
[White "Pierrot, Juan Facundo"]
[Black "Valerga, Diego"]
[Result "1/2-1/2"]
[WhiteElo "2449"]
[BlackElo "2499"]
[PlyCount "100"]
[EventDate "2005.09.08"]
[EventType "tourn"]
[EventRounds "9"]
[EventCountry "ARG"]
[EventCategory "7"]
[Source "lmi"]
[SourceDate "2005.09.18"]

1. e4 c5 2. Nf3 e6 3. d4 cxd4 4. Nxd4 Nf6 5. Nc3 d6 6. Be2 Be7 7. O-O O-O 8. f4
Nc6 9. Be3 a6 10. a4 Qc7 11. Kh1 Re8 12. Bg1 Bd7 13. Qd3 e5 14. Nxc6 bxc6 15.
fxe5 dxe5 16. a5 c5 17. Rfd1 Be6 18. Qe3 Red8 19. Rxd8+ Qxd8 20. Bf2 c4 21. Qc1
Rb8 22. Bf3 Qc7 23. Na4 Qc6 24. Qe3 Rb4 25. Nb6 Rxb2 26. h3 Rb5 27. Bg3 h6 28.
Bh4 Bc5 29. Qe1 Bxb6 30. axb6 Qxb6 31. Bxf6 gxf6 32. Kh2 Kh7 33. Qh4 Rb1 34.
Rxb1 Qxb1 35. Qxf6 Qb5 36. Bh5 Qe8 37. Qxe5 Qe7 38. Be2 Qg5 39. Qc7 Qf6 40. Bf3
Qd4 41. Bh5 Qf2 42. c3 Qf6 43. Qg3 Qg5 44. Bd1 a5 45. Ba4 Kg7 46. h4 Qg6 47.
Bb5 Kf6 48. Qf4+ Kg7 49. Qg3 Kf6 50. Qf4+ Kg7 1/2-1/2

[Event "Argentina ch 2005 final"]
[Site "Buenos Aires"]
[Date "2005.09.15"]
[Round "8.2"]
[White "Needleman, Gaston"]
[Black "Ricardi, Pablo"]
[Result "0-1"]
[WhiteElo "2242"]
[BlackElo "2551"]
[PlyCount "88"]
[EventDate "2005.09.08"]
[EventType "tourn"]
[EventRounds "9"]
[EventCountry "ARG"]
[EventCategory "7"]
[Source "lmi"]
[SourceDate "2005.09.18"]

1. e4 c5 2. Nf3 d6 3. d4 cxd4 4. Nxd4 Nf6 5. Nc3 a6 6. Be2 e5 7. Nb3 Be7 8. Bg5
Be6 9. Bxf6 Bxf6 10. Qd3 Nc6 11. O-O-O Be7 12. Nd5 O-O 13. Kb1 a5 14. Nxe7+
Qxe7 15. Qxd6 Qf6 16. Nc5 Rfd8 17. Qc7 Rdc8 18. Qd6 Rd8 19. Qc7 Rdc8 20. Qd6
Qxf2 21. Nxe6 Qxe2 22. Rde1 Qc4 23. Qd5 Nb4 24. Qxc4 Rxc4 25. Ng5 Nxc2 26. Rc1
Rac8 27. Nf3 f6 28. b3 R4c6 29. Rhd1 Kf7 30. Kb2 Ke6 31. Rd5 b6 32. Rb5 Nb4 33.
Rd1 Rc2+ 34. Kb1 R8c6 35. Nd2 Nxa2 36. Rxb6 Rxb6 37. Kxc2 Nb4+ 38. Kc1 Rd6 39.
Rf1 Rc6+ 40. Nc4 a4 41. Kb2 Nd3+ 42. Kc3 Nc5 43. bxa4 Nxe4+ 44. Kb4 Rxc4+ 0-1

[Event "Argentina ch 2005 final"]
[Site "Buenos Aires"]
[Date "2005.09.15"]
[Round "8.3"]
[White "Soppe, Guillermo"]
[Black "Lafuente, Pablo"]
[Result "0-1"]
[WhiteElo "2432"]
[BlackElo "2435"]
[PlyCount "114"]
[EventDate "2005.09.08"]
[EventType "tourn"]
[EventRounds "9"]
[EventCountry "ARG"]
[EventCategory "7"]
[Source "lmi"]
[SourceDate "2005.09.18"]

1. b3 Nf6 2. Bb2 e6 3. g3 d5 4. Nf3 c5 5. c4 Nc6 6. cxd5 exd5 7. Bg2 Be7 8. d4
Bg4 9. dxc5 Bxc5 10. O-O O-O 11. Nc3 Re8 12. Rc1 Bf8 13. h3 Bh5 14. e3 h6 15.
Ne2 Bg6 16. Nf4 Be4 17. a3 a5 18. Re1 Bd6 19. Re2 Qe7 20. Ra1 Rad8 21. Rd2 Bc5
22. Nd3 Bb6 23. b4 d4 24. exd4 Nxd4 25. Bxd4 Bxd4 26. Nxd4 Rxd4 27. Nf4 Rxd2
28. Qxd2 Bxg2 29. Kxg2 g5 30. Nd3 Qe4+ 31. Kh2 Rd8 32. Rd1 Qf3 33. Qc2 axb4 34.
axb4 Qf5 35. Qe2 Rd4 36. Ne5 Rxb4 37. Qe3 Rb5 38. Rd8+ Kg7 39. Nd3 Rd5 40. Rxd5
Qxd5 41. Nb4 Qc4 42. Qb6 Qe4 43. Qc5 Qf3 44. Qd4 b5 45. Kg1 Qf5 46. Kh2 Qe4 47.
Qc3 Qe2 48. Kg1 Qe4 49. Kh2 Qc4 50. Qb2 Kg6 51. Qb1+ Qe4 52. Qb3 Qd4 53. Nd3
Qd5 54. Qc2 Kg7 55. Nb4 Qd4 56. Nd3 Ne4 57. Kg2 b4 0-1

[Event "Argentina ch 2005 final"]
[Site "Buenos Aires"]
[Date "2005.09.15"]
[Round "8.4"]
[White "Perdomo, Leandro"]
[Black "Alonso, Salvador"]
[Result "0-1"]
[WhiteElo "2345"]
[BlackElo "2456"]
[PlyCount "70"]
[EventDate "2005.09.08"]
[EventType "tourn"]
[EventRounds "9"]
[EventCountry "ARG"]
[EventCategory "7"]
[Source "lmi"]
[SourceDate "2005.09.18"]

1. d4 d5 2. c4 c6 3. Nf3 Nf6 4. e3 a6 5. Nc3 b5 6. c5 Bg4 7. Qb3 Nbd7 8. a4 b4
9. Qxb4 Rb8 10. Qa3 a5 11. Be2 e5 12. Bd2 Qc7 13. b3 Be7 14. Rb1 O-O 15. Qc1
Rfe8 16. O-O Ne4 17. Bd1 Nxd2 18. Qxd2 Bxf3 19. Bxf3 exd4 20. exd4 Bf6 21. Na2
Nf8 22. Rfd1 Ne6 23. Qc3 Qf4 24. Qxa5 Nxd4 25. Rxd4 Qxd4 26. Rd1 Qb2 27. Nc1
Bd4 28. Nd3 Qxb3 29. h4 Ra8 30. Qc7 Qxd3 31. Qxc6 Qc3 32. Qxd5 Rad8 33. Qg5
Bxf2+ 34. Kxf2 Rxd1 35. Bxd1 Qe1+ 0-1

[Event "Argentina ch 2005 final"]
[Site "Buenos Aires"]
[Date "2005.09.15"]
[Round "8.5"]
[White "Duarte, Leonardo"]
[Black "Flores, Diego"]
[Result "0-1"]
[WhiteElo "2317"]
[BlackElo "2513"]
[PlyCount "38"]
[EventDate "2005.09.08"]
[EventType "tourn"]
[EventRounds "9"]
[EventCountry "ARG"]
[EventCategory "7"]
[Source "lmi"]
[SourceDate "2005.09.18"]

1. e4 d6 2. d4 Nd7 3. f4 g6 4. Nf3 Bg7 5. Nc3 c6 6. Bd3 Qb6 7. Bc4 e6 8. d5
exd5 9. exd5 Ne7 10. Qe2 Nf6 11. dxc6 bxc6 12. Bb3 Be6 13. Qe3 Qb7 14. Bd2 O-O
15. O-O-O c5 16. Rhe1 Nf5 17. Qg1 c4 18. Ba4 Nd5 19. g4 Rab8 0-1

[Event "Argentina ch 2005 final"]
[Site "Buenos Aires"]
[Date "2005.09.16"]
[Round "9.1"]
[White "Flores, Diego"]
[Black "Pierrot, Juan Facundo"]
[Result "1-0"]
[WhiteElo "2513"]
[BlackElo "2449"]
[PlyCount "87"]
[EventDate "2005.09.08"]
[EventType "tourn"]
[EventRounds "9"]
[EventCountry "ARG"]
[EventCategory "7"]
[Source "lmi"]
[SourceDate "2005.09.18"]

1. d4 Nf6 2. c4 g6 3. f3 d5 4. cxd5 Nxd5 5. e4 Nb6 6. Nc3 Bg7 7. Be3 O-O 8. Qd2
Nc6 9. O-O-O e5 10. d5 Nd4 11. f4 Bg4 12. Re1 c5 13. fxe5 Bxe5 14. h3 Bd7 15.
Nf3 Nxf3 16. gxf3 Re8 17. Kb1 Rc8 18. h4 Qf6 19. Bd3 Qxf3 20. h5 Qf6 21. Ref1
Qe7 22. Bg5 Qf8 23. hxg6 hxg6 24. Bf6 Bxf6 25. Rxf6 Bg4 26. Rhf1 Bh5 27. Qf4
Qe7 28. Rxf7 Qe5 29. Qh6 Qh8 30. Qg5 Qd4 31. Qh6 Qh8 32. Qxh8+ Kxh8 33. Rxb7
Rf8 34. Rh1 Kg8 35. e5 Rcd8 36. Rxa7 Rfe8 37. Rg1 Kh8 38. Bxg6 Bxg6+ 39. Rxg6
Nxd5 40. Nxd5 Rxd5 41. e6 Re5 42. e7 Re2 43. Rg4 Re5 44. Ra3 1-0

[Event "Argentina ch 2005 final"]
[Site "Buenos Aires"]
[Date "2005.09.16"]
[Round "9.3"]
[White "Lafuente, Pablo"]
[Black "Perdomo, Leandro"]
[Result "1-0"]
[WhiteElo "2435"]
[BlackElo "2345"]
[PlyCount "45"]
[EventDate "2005.09.08"]
[EventType "tourn"]
[EventRounds "9"]
[EventCountry "ARG"]
[EventCategory "7"]
[Source "lmi"]
[SourceDate "2005.09.18"]

1. d4 Nf6 2. c4 g6 3. Nf3 Bg7 4. g3 O-O 5. Bg2 d6 6. O-O Nbd7 7. Nc3 e5 8. e4
exd4 9. Nxd4 Re8 10. h3 a6 11. Be3 Rb8 12. b3 c5 13. Nde2 b5 14. Qxd6 b4 15.
Na4 Nxe4 16. Bxe4 Rxe4 17. Rad1 Rxe3 18. fxe3 Qe8 19. Rf2 Qxe3 20. Qc7 Bd4 21.
Nxd4 cxd4 22. Nc5 Nxc5 23. Qxf7+ 1-0

[Event "Argentina ch 2005 final"]
[Site "Buenos Aires"]
[Date "2005.09.16"]
[Round "9.4"]
[White "Ricardi, Pablo"]
[Black "Soppe, Guillermo"]
[Result "1/2-1/2"]
[WhiteElo "2551"]
[BlackElo "2432"]
[PlyCount "38"]
[EventDate "2005.09.08"]
[EventType "tourn"]
[EventRounds "9"]
[EventCountry "ARG"]
[EventCategory "7"]
[Source "lmi"]
[SourceDate "2005.09.18"]

1. e4 Nf6 2. e5 Nd5 3. d4 d6 4. c4 Nb6 5. exd6 cxd6 6. Be3 g6 7. Nc3 Bg7 8. Rc1
O-O 9. b3 e5 10. dxe5 dxe5 11. Qxd8 Rxd8 12. c5 N6d7 13. Nf3 Nc6 14. Bc4 Na5
15. Be2 b6 16. cxb6 Nxb6 17. Nb5 Bb7 18. O-O Nd5 19. Bg5 Rd7 1/2-1/2

[Event "Argentina ch 2005 final"]
[Site "Buenos Aires"]
[Date "2005.09.16"]
[Round "9.5"]
[White "Valerga, Diego"]
[Black "Needleman, Gaston"]
[Result "0-1"]
[WhiteElo "2499"]
[BlackElo "2242"]
[PlyCount "114"]
[EventDate "2005.09.08"]
[EventType "tourn"]
[EventRounds "9"]
[EventCountry "ARG"]
[EventCategory "7"]
[Source "lmi"]
[SourceDate "2005.09.18"]

1. c4 g6 2. Nc3 Bg7 3. g3 e5 4. Bg2 Nc6 5. d3 d6 6. Rb1 f5 7. e3 h5 8. Nf3 Nf6
9. h4 f4 10. exf4 Bg4 11. O-O O-O 12. Ne2 Qe7 13. Be3 Kh8 14. Qd2 e4 15. Nfd4
exd3 16. Qxd3 Nxd4 17. Nxd4 c5 18. Nb5 d5 19. cxd5 Bf5 20. Qc4 Bxb1 21. Rxb1
Qd7 22. d6 Ne8 23. Bxc5 Rc8 24. Nxa7 Nxd6 25. Qd5 Rcd8 26. Rd1 Qa4 27. Qf3 Rfe8
28. Bb6 Rd7 29. Qb3 Qxb3 30. axb3 Ree7 31. Bc5 Nf5 32. Rxd7 Rxd7 33. Nb5 Bxb2
34. Be4 Kg7 35. Kf1 Ne7 36. Nd6 b6 37. Bb4 Bd4 38. Ke2 Ra7 39. Nb5 Ra2+ 40. Kd3
Bf6 41. f3 Nf5 42. g4 Nxh4 43. Nc7 Ng2 44. Bd6 h4 45. g5 Ba1 46. f5 gxf5 47.
Bxf5 Rf2 48. Bg4 h3 49. Ke4 Re2+ 50. Kd3 Re3+ 51. Kc4 Ne1 52. Nd5 Rd3 53. Bxh3
Rd4+ 54. Kb5 Rxd5+ 55. Kc6 Rd3 56. b4 Nxf3 57. Bf1 Rd1 0-1